Statistics for Shortest-Land-Border Countries

Click here to take the quiz!

General Stats

  • This quiz has been taken 62 times
    (38 since last reset)
  • The average score is 16 of 20

Answer Stats

kmcountrymiles% Correct
4Monaco3
97%
120Andorra75
94%
76Liechtenstein47
94%
3Vatican City2
94%
39San Marino24
91%
359Luxembourg223
86%
60Qatar37
86%
68Denmark42
83%
238South Korea148
83%
360United Kingdom224
83%
381Brunei237
80%
360Haiti224
80%
360Ireland224
80%
360Dominican Republic224
77%
228Timor-Leste142
77%
462Kuwait287
71%
516Belize321
69%
466Palestine290
60%
454Lebanon282
57%
10Sint Maarten6
34%

Score Distribution

Percentile by Number Answered

Percent of People with Each Score

Your Score History

You have not taken this quiz since the last reset